ՀՀ Գիտությունների ազգային ակադեմիայի հիմնարար գիտական գրադարան  =   Fundamental Scientific Library of NAS RA

Արդարահատույց / (Record no. 154598)

MARC details
000 -LEADER
fixed length control field 00705nam a2200217 u 4500
001 - CONTROL NUMBER
control field 000406837
003 - CONTROL NUMBER IDENTIFIER
control field AM-YeHGA
005 - DATE AND TIME OF LATEST TRANSACTION
control field 20250618072410.0
008 - FIXED-LENGTH DATA ELEMENTS--GENERAL INFORMATION
fixed length control field 050201s2004 ai a||||||||||||||0|arm|d
020 ## - INTERNATIONAL STANDARD BOOK NUMBER
International Standard Book Number 999300068X
040 ## - CATALOGING SOURCE
Original cataloging agency AM-YeHGA
041 0# - LANGUAGE CODE
Language code of text/sound track or separate title arm
090 ## - LOCALLY ASSIGNED LC-TYPE CALL NUMBER (OCLC); LOCAL CALL NUMBER (RLIN)
-- 155996
100 1# - MAIN ENTRY--PERSONAL NAME
Personal name Կարայան, Ռոբերտ Մուշեղի,
Dates associated with a name 1937-2015
9 (RLIN) 1952
245 10 - TITLE STATEMENT
Title Արդարահատույց /
Statement of responsibility, etc. Ռ. Կարայան; Խմբ.՝ Գ.Վ. Դանիելյան.
260 ## - PUBLICATION, DISTRIBUTION, ETC.
Place of publication, distribution, etc. Երևան :
Name of publisher, distributor, etc. Ոսկան Երևանցի,
Date of publication, distribution, etc. 2004.
300 ## - PHYSICAL DESCRIPTION
Extent 208 էջ :
Other physical details նկ.
650 14 - SUBJECT ADDED ENTRY--TOPICAL TERM
Topical term or geographic name entry element Հայ գրականություն
General subdivision Պատմվածք
700 1# - ADDED ENTRY--PERSONAL NAME
Personal name Դանիելյան, Գ.Վ.
Relator term խմբ.
Relationship edt
942 ## - ADDED ENTRY ELEMENTS (KOHA)
Source of classification or shelving scheme Universal Decimal Classification
Koha item type Գրքեր / Books
Holdings
Withdrawn status Lost status Damaged status Not for loan Collection Home library Current library Date acquired Total checkouts Full call number Barcode Date last seen Price effective from Koha item type Public note Cost, normal purchase price Shelving control number Source of classification or shelving scheme
        General Fundamental Scientific Library Fundamental Scientific Library 28/12/2016   AII/89623 220089623 28/12/2016 28/12/2016 Գրքեր / Books 30 Days Loan      
        General Fundamental Scientific Library Fundamental Scientific Library 28/12/2016   AII/89624 220089624 28/12/2016 28/12/2016 Գրքեր / Books 30 Days Loan      
        General Fundamental Scientific Library Fundamental Scientific Library 28/12/2016   AII/96521 FL0186423 28/12/2016 28/12/2016 Գրքեր / Books 30 Days Loan 2000.00    
        General Fundamental Scientific Library Fundamental Scientific Library 16/11/2023   AII/111011 FL0680859 16/01/2024 16/11/2023 Գրքեր / Books 30 Days Loan     Universal Decimal Classification


ՀՀ ԳԱԱ հիմնարար գիտական գրադարան
ՀՀ,Երևան 0019
Մարշալ Բաղրամյան 24/6
հեռախոս:(374-10) 52-47-50
Հետադարձ կապ

All site content, except where otherwise noted, is licensed under a
Creative Commons License